Viaje alrededor del mundo en la fragata real Boudeuse y el Étoile
保存先:
| 第一著者: | |
|---|---|
| フォーマット: | 図書 |
| 言語: | スペイン語 |
| 出版事項: |
Buenos Aires, Argentina
Continente
2004
|
| 主題: | |
| タグ: |
タグ追加
タグなし, このレコードへの初めてのタグを付けませんか!
|
MARC
| LEADER | 00000nam a2200000 a 4500 | ||
|---|---|---|---|
| 001 | UCG4970 | ||
| 003 | CL-VaPUC | ||
| 005 | 20250227100140.0 | ||
| 008 | 101216e20040000AG |||||||||||||||||spa|d | ||
| 999 | |c 343568 |d 343566 | ||
| 020 | |a 9507541535 | ||
| 040 | |c Pontificia Universidad Católica de Valparaíso | ||
| 082 | 0 | 4 | |a 910.4 BOU 2004 |2 21 |
| 100 | |a Bougainville, Louis Antoine de |9 515949 | ||
| 245 | 1 | 0 | |a Viaje alrededor del mundo en la fragata real Boudeuse y el Étoile |
| 260 | 0 | 3 | |a Buenos Aires, Argentina |b Continente |c 2004 |
| 300 | |a 159 páginas | ||
| 583 | |a last modification |c 20101216 00:00:00 |k Rodrigo Vera | ||
| 650 | 0 | |a Viajes |9 257115 | |
| 650 | 0 | |a Navegación |9 255384 | |
| 650 | 0 | |a Expediciones científicas |9 265222 | |
| 942 | |c BK |2 ddc | ||
| 945 | |d 20101216 00:00:00 |a dcastane | ||
| 952 | |0 0 |1 0 |2 ddc |4 0 |6 910_400000000000000_BOU_2004 |7 0 |8 A |9 440967 |a BIBHIS |b BIBHIS |d 2019-11-22 |i 4739256 |o 910.4 BOU 2004 |p 4739256 |r 2025-01-20 |t 1 |w 2019-11-22 |y BK |k HIS | ||